| 000 | 01096nam0a2200337 4500 | ||
|---|---|---|---|
| 001 | RU\NLR\bibl\201822 | ||
| 005 | 20250619093515.0 | ||
| 010 |
_a5-94214-002-2 _91000 |
||
| 021 |
_aRU _b2001-11142 _9523 |
||
| 035 | _a(NLR Aleph) 000198143 | ||
| 090 |
_a1147681 _c1147681 |
||
| 100 | _a20010601d2000 |||y0rusy50 ca | ||
| 101 | 0 | _arus | |
| 102 | _aRU | ||
| 105 | _ay ||||||||| | ||
| 200 | 1 |
_aГурилевские романсы _e[Поэма] _fВладимир Марков |
|
| 210 |
_aСПб. _cИзд-во журн. "Звезда" _d2000 |
||
| 215 |
_a46,[1] с. _d18 |
||
| 675 |
_a821.161.1-1Марков _v3 _zrus |
||
| 686 |
_a17.82 _2rugasnti |
||
| 686 |
_a84(2Рос=Рус)6-5 _2rubbk |
||
| 686 | _aШ6(2=Р)6-5 | ||
| 700 | 1 |
_4070 _aМарков _bВ. Ф. _cлитературовед, поэт _f1920-2013 _gВладимир Федорович _9148297 _3RU\NLR\AUTH\770148333 |
|
| 801 | 0 |
_aRU _bRKP _c20010601 _gPSBO |
|
| 801 | 1 |
_aRU _bRKP _c20010601 |
|
| 801 | 2 |
_aRU _bNLR _c20020211 _grcr |
|
| 942 | _cBOOK | ||
| 980 | _aNB | ||